Catalog

Record Details

Catalog Search



Eleanor Oliphant is completely fine  Cover Image Book Book

Eleanor Oliphant is completely fine / Gail Honeyman.

Honeyman, Gail, (author.).

Summary:

"Smart, warm, uplifting, the story of an out-of-the-ordinary heroine whose deadpan weirdness and unconscious wit make for an irresistible journey as she realizes the only way to survive is to open her heart. Meet Eleanor Oliphant: she struggles with appropriate social skills and tends to say exactly what she's thinking. That, combined with her unusual appearance (scarred cheek, tendency to wear the same clothes year in, year out), means that Eleanor has become a creature of habit (to say the least) and a bit of a loner. Nothing is missing in her carefully timetabled life of avoiding social interactions, where weekends are punctuated by frozen pizza, vodka, and phone chats with Mummy. But everything changes when Eleanor meets Raymond, the bumbling and deeply unhygienic IT guy from her office. When she and Raymond together save Sammy, an elderly gentleman who has fallen on the sidewalk, the three become the kind of friends who rescue each other from the lives of isolation they have each been living. And it is Raymond's big heart that will ultimately help Eleanor find the way to repair her own profoundly damaged one"-- Provided by publisher.

Record details

  • ISBN: 0735220697
  • ISBN: 9780735220690
  • ISBN: 0735220689
  • ISBN: 9780735220683
  • Physical Description: 325, 7 pages ; 21 cm
  • Publisher: New York : Penguin Books, 2018.
Subject: Single women > Fiction.
Social isolation > Fiction.
Intergenerational relations > Fiction.
Friendship > Fiction.
Computer technicians > Fiction.
Genre: Romance fiction.

Available copies

  • 1 of 1 copy available at scottsboropl.

Holds

  • 0 current holds with 1 total copy.
Show Only Available Copies
Location Call Number / Copy Notes Barcode Shelving Location Status Due Date
scottsboropl F Hon 32269001102667 Adult - Fiction Available -

LDR 02657cam a2200421 i 4500
001150038
003CONS
00520190916133712.0
008180628t20182017nyu 000 f eng d
010 . ‡a 2018295735
020 . ‡a0735220697 ‡q(paperback)
020 . ‡a9780735220690 ‡q(paperback)
020 . ‡a0735220689 ‡q(hardback)
020 . ‡a9780735220683 ‡q(hardback)
035 . ‡a(CPomAG)LMN610671
042 . ‡alccopycat
043 . ‡ae-uk-st
05000. ‡aPR6108.O55 ‡bE43 2018
08200. ‡a823/.92 ‡223
1001 . ‡aHoneyman, Gail, ‡eauthor.
24510. ‡aEleanor Oliphant is completely fine / ‡cGail Honeyman.
264 1. ‡aNew York : ‡bPenguin Books, ‡c2018.
300 . ‡a325, 7 pages ; ‡c21 cm
336 . ‡atext ‡btxt ‡2rdacontent
337 . ‡aunmediated ‡bn ‡2rdamedia
338 . ‡avolume ‡bnc ‡2rdacarrier
520 . ‡a"Smart, warm, uplifting, the story of an out-of-the-ordinary heroine whose deadpan weirdness and unconscious wit make for an irresistible journey as she realizes the only way to survive is to open her heart. Meet Eleanor Oliphant: she struggles with appropriate social skills and tends to say exactly what she's thinking. That, combined with her unusual appearance (scarred cheek, tendency to wear the same clothes year in, year out), means that Eleanor has become a creature of habit (to say the least) and a bit of a loner. Nothing is missing in her carefully timetabled life of avoiding social interactions, where weekends are punctuated by frozen pizza, vodka, and phone chats with Mummy. But everything changes when Eleanor meets Raymond, the bumbling and deeply unhygienic IT guy from her office. When she and Raymond together save Sammy, an elderly gentleman who has fallen on the sidewalk, the three become the kind of friends who rescue each other from the lives of isolation they have each been living. And it is Raymond's big heart that will ultimately help Eleanor find the way to repair her own profoundly damaged one"-- ‡cProvided by publisher.
650 0. ‡aSingle women ‡vFiction.
650 0. ‡aSocial isolation ‡vFiction.
650 0. ‡aIntergenerational relations ‡vFiction.
650 0. ‡aFriendship ‡vFiction.
650 0. ‡aComputer technicians ‡vFiction.
655 7. ‡aRomance fiction. ‡2lcgft
914 . ‡aSCP_LP
959 . ‡i32269001102667 ‡lF Hon ‡aStorage - Adult ‡tPaperback ‡g16.00
852 . ‡p32269001102667 ‡jF Hon ‡jF Hon ‡gStorage - Adult ‡gAdult - Fiction ‡cPaperback ‡cHardback ‡y16.00 ‡y26.00 ‡bSBPL
959 . ‡i32269001133407 ‡lF Hon ‡aAdult - Fiction ‡tHardback ‡g26.00
852 . ‡p32269001133407 ‡jF Hon ‡jF Hon ‡gStorage - Adult ‡gAdult - Fiction ‡cPaperback ‡cHardback ‡y16.00 ‡y26.00 ‡bSBPL
901 . ‡a150038 ‡bUnknown ‡c150038 ‡tbiblio

Additional Resources